Pays d'Europe de l'hémisphère nord. - Statistiques

Statistiques générales
  • Ce quiz a été pris 31 fois
  • Le résultat moyen est 42 sur 45
Statistiques - réponses
Réponses % Correct
France
100%
Russie
100%
Allemagne
96%
Andorre
96%
Belgique
96%
Croatie
96%
Danemark
96%
Espagne
96%
Finlande
96%
Grèce
96%
Lettonie
96%
Lituanie
96%
Luxembourg
96%
Malte
96%
Roumanie
96%
Slovaquie
96%
Slovénie
96%
Suède
96%
Vatican
96%
Albanie
92%
Autriche
92%
Biélorussie
92%
Bosnie-Herzégovine
92%
Bulgarie
92%
Estonie
92%
Hongrie
92%
Irlande
92%
Islande
92%
Italie
92%
Kosovo
92%
Moldavie
92%
Monténégro
92%
Norvège
92%
Portugal
92%
République tchèque
92%
Saint-marin
92%
Serbie
92%
Suisse
92%
Ukraine
92%
Liechtenstein
88%
Pologne
88%
Macédoine du nord
85%
Pays-bas
85%
Royaume-Uni
85%
Monaco
81%
Aucun quiz correspondant
Distribution des résultats
% des personnes avec chaque résultat
Percentile par nombre de réponses
Votre historique - résultats
Vous n’avez pas pris ce quiz